<?xml version="1.0" encoding="UTF-8"?><?xml-stylesheet type="text/xsl" href="static/style.xsl"?><OAI-PMH xmlns="http://www.openarchives.org/OAI/2.0/" xmlns:xsi="http://www.w3.org/2001/XMLSchema-instance" xsi:schemaLocation="http://www.openarchives.org/OAI/2.0/ http://www.openarchives.org/OAI/2.0/OAI-PMH.xsd"><responseDate>2026-06-02T16:18:17Z</responseDate><request verb="GetRecord" identifier="oai:riuma.uma.es:10630/39400" metadataPrefix="marc">https://riuma.uma.es/rest/oai/request</request><GetRecord><record><header><identifier>oai:riuma.uma.es:10630/39400</identifier><datestamp>2026-02-03T10:52:22Z</datestamp><setSpec>com_10630_2254</setSpec><setSpec>col_10630_37953</setSpec></header><metadata><record xmlns="http://www.loc.gov/MARC21/slim" xmlns:dcterms="http://purl.org/dc/terms/" xmlns:doc="http://www.lyncode.com/xoai" xmlns:xsi="http://www.w3.org/2001/XMLSchema-instance" xsi:schemaLocation="http://www.loc.gov/MARC21/slim http://www.loc.gov/standards/marcxml/schema/MARC21slim.xsd">
   <leader>00925njm 22002777a 4500</leader>
   <datafield ind2=" " ind1=" " tag="042">
      <subfield code="a">dc</subfield>
   </datafield>
   <datafield ind2=" " ind1=" " tag="720">
      <subfield code="a">Benítez-Jiménez, María José</subfield>
      <subfield code="e">author</subfield>
   </datafield>
   <datafield ind2=" " ind1=" " tag="260">
      <subfield code="c">2025-01</subfield>
   </datafield>
   <datafield ind2=" " ind1=" " tag="520">
      <subfield code="a">El tema de la adolescencia y el ocio desviado en Internet es de gran relevancia en&#xd;
la actualidad, dado el acceso casi universal de los jóvenes a las tecnologías digitales&#xd;
y a la Red. El objeto de este estudio es recoger información en institutos de secundaria&#xd;
para conocer el discurso de los adolescentes y poder acercarnos a su relación&#xd;
con Internet y con las redes sociales. Nuestro interés es meramente exploratorio y&#xd;
descriptivo y aspira a tener datos de Institutos de Educación Secundaria de Sevilla&#xd;
y Málaga, llevándose a cabo diez grupos focales con chicos y chicas de 1º y de 3º de&#xd;
Educación Secundaria Obligatoria (ESO) y de 1º de Bachiller y 1º de Formación&#xd;
Profesional de grado medio (FPGM) (12, 14, 16 años). En los grupos de discusión,&#xd;
se abordó la generación del discurso de un modo pautado, comenzando con actitudes&#xd;
y hábitos de consumo de Internet y redes sociales, continuando por indagar&#xd;
acerca de otras actividades paralelas distintas al contexto virtual y preguntando sobre&#xd;
conductas de riesgo, imitación de estas y posible visualización de consecuencias&#xd;
o victimización. Del mismo modo se pasaron cuestionarios individuales de cara a&#xd;
obtener más datos y a poder contrastarlos con el discurso de grupo. En líneas generales,&#xd;
podemos señalar que la edad es un indicador clave para analizar el modo de&#xd;
consumo de Internet como consecuencia del menor control parental y del cambio&#xd;
de expectativas y necesidades de los jóvenes.</subfield>
   </datafield>
   <datafield ind1="8" ind2=" " tag="024">
      <subfield code="a">Benítez Jiménez, M.J. (2025). Adolescencia y ocio desviado en redes sociales, en Revista de Victimología/ Journal of Victimology, nº 19 (19-42) ISSN 2385-779X. DOI 10.12827/RVJV.19.01.</subfield>
   </datafield>
   <datafield ind1="8" ind2=" " tag="024">
      <subfield code="a">https://hdl.handle.net/10630/39400</subfield>
   </datafield>
   <datafield ind1="8" ind2=" " tag="024">
      <subfield code="a">10.12827/RVJV.19.01</subfield>
   </datafield>
   <datafield tag="653" ind2=" " ind1=" ">
      <subfield code="a">Internet y jóvenes</subfield>
   </datafield>
   <datafield tag="653" ind2=" " ind1=" ">
      <subfield code="a">Adolescentes - Redes sociales</subfield>
   </datafield>
   <datafield tag="653" ind2=" " ind1=" ">
      <subfield code="a">Redes sociales en Internet</subfield>
   </datafield>
   <datafield ind2="0" ind1="0" tag="245">
      <subfield code="a">Adolescencia y ocio desviado en redes sociales</subfield>
   </datafield>
</record>
</metadata></record></GetRecord></OAI-PMH>